[Event "POHÁR města Říčany 2021"]
[Site "Městské kulturní středisko U labutě"]
[Date "2021.08.22"]
[Round "2.30"]
[White "Vorackova, Jarmila"]
[Black "Papousek, Michal"]
[Result "0-1"]
[WhiteElo "1802"]
[BlackElo "1689"]
[PlyCount "0"]
[EventDate "2021.08.21"]

1. d4 Nf6 2. c4 c5 3. d5 b5 4. cxb5 a6 5. Nc3 g6 6. e4 d6 7. f4 Nfd7 8. Nf3 Bg7
9. Be2 O-O 10. O-O axb5 11. Nxb5 Ba6 12. Nc3 Qb6 13. Kh1 Qb4 14. Qc2 Bc4
15. Bxc4 Qxc4 16. Nd2 Qb4 17. a3 Qb7 18. b3 Na6 19. Bb2 Rfb8 20. Na4 Nc7
21. Bxg7 Kxg7 22. Qc3+ Kg8 23. Qh3 Nb5 24. Rf3 Nf6 25. g4 Nd4 26. Rd3 Qd7 27. f5
Rb7 28. Nb2 Nc2 29. Ra2 Nb4 30. axb4 Rxa2 31. bxc5 Qb5 32. Nbc4 Ra1+ 33. Kg2
Qxc5 34. Qe3 Qxe3 35. Nxe3 Ra2 36. Kf3 Nd7 37. Nec4 Nc5 38. Re3 f6 39. h4 Kf7
40. Kf4 Rc2 41. g5 Rb4 42. gxf6 Kxf6 43. fxg6 hxg6 44. Kg4 Nxb3 45. e5+ dxe5
46. Ne4+ Kg7 47. Nxe5 Nc5 48. Kf3 Nxe4 49. Rxe4 Rxe4 50. Kxe4 Rh2 51. Nf3 Rh3
52. Kf4 Kf6 53. Kg4 Rh1 54. Kf4 Ra1 55. Ng5 Rg1 56. Ke4 Rh1 57. Nf3 Ra1 58. Ke3
Ra4 59. Nd4 Ke5 60. Nc6+ Kd6 61. Nd4 Kxd5 62. Nf3 Ke6 63. Ng5+ Kf5 64. Nf3 e5
65. Kf2 Rf4 66. Kg3 Rg4+ 67. Kf2 Ra4 68. Kg3 Ra1 69. Nd2 e4 70. Nc4 Rg1+ 71. Kf2
Ra1 72. Nd6+ Kf4 73. Nc4 Ra2+ 74. Ke1 Rh2 75. Nb6 Rxh4 76. Nd5+ Ke5 77. Ne7 Rg4
78. Kd2 g5 79. Nc6+ Kd6 80. Nd4 Kd5 81. Ne2 Rh4 82. Ke3 0-1

[Event "POHÁR města Říčany 2021"]
[Site "Městské kulturní středisko U labutě"]
[Date "2021.08.22"]
[Round "2.31"]
[White "Jankovsky, Zbynek"]
[Black "Blazek, Miroslav"]
[Result "1-0"]
[WhiteElo "1564"]
[BlackElo "1801"]
[PlyCount "0"]
[EventDate "2021.08.21"]

1. e4 e6 2. d4 d5 3. exd5 exd5 4. Bd3 Nf6 5. Nf3 c5 6. dxc5 Bxc5 7. Qe2+ Be7
8. O-O O-O 9. Be3 Bg4 10. Nbd2 Nc6 11. h3 Bh5 12. c3 Re8 13. Qd1 Bd6 14. Qc2 Rc8
15. Nd4 Nb4 16. Qb1 Nxd3 17. Qxd3 Bb8 18. Bg5 Qd6 19. g3 Bg6 20. Qf3 Ne4 21. Bf4
Nxd2 22. Bxd2 Be4 23. Qg4 Qf6 24. Rfe1 Be5 25. Be3 g6 26. Bg5 Qb6 27. Nb3 Bf5
28. Qf3 Be4 29. Qd1 Bxg3 30. Be3 Qe6 31. Qg4 Bb8 32. Bd4 Qxg4+ 33. hxg4 b6
34. Bf6 Bf4 35. Nd4 h5 36. f3 Bd3 37. Kg2 hxg4 38. Rh1 1-0

[Event "POHÁR města Říčany 2021"]
[Site "Městské kulturní středisko U labutě"]
[Date "2021.08.22"]
[Round "2.33"]
[White "Kubice, Jakub"]
[Black "Hampel, Rudolf"]
[Result "1-0"]
[WhiteElo "1776"]
[BlackElo "1593"]
[PlyCount "0"]
[EventDate "2021.08.21"]

1. d4 Nf6 2. Nf3 d5 3. c4 c6 4. b3 e6 5. g3 Bd6 6. Bg2 O-O 7. O-O Nbd7 8. Bb2
Re8 9. Nc3 b6 10. Rc1 Bb7 11. Qc2 Rc8 12. e4 dxe4 13. Nxe4 Nxe4 14. Qxe4 Nf6
15. Qe2 c5 16. Rcd1 Qc7 17. Rd3 Be4 18. Rd2 Qb7 19. dxc5 Bxc5 20. Bxf6 gxf6
21. Rdd1 Bc6 22. Nh4 Be7 23. Qg4+ Kh8 24. Qh5 Bxg2 25. Nxg2 Kg8 26. Nf4 f5
27. Rd7 Qa8 28. Qe2 Bc5 29. Qe5 1-0

[Event "POHÁR města Říčany 2021"]
[Site "Městské kulturní středisko U labutě"]
[Date "2021.08.22"]
[Round "2.34"]
[White "Pisar, Tomas"]
[Black "Kalvach, Ladislav"]
[Result "1-0"]
[WhiteElo "1528"]
[BlackElo "1771"]
[PlyCount "0"]
[EventDate "2021.08.21"]

1. d4 Nf6 2. Nf3 e6 3. g3 c5 4. Bg2 Nc6 5. c4 cxd4 6. Nxd4 Bb4+ 7. Bd2 Qb6
8. Nxc6 bxc6 9. O-O Rb8 10. Bf4 Rb7 11. a3 Qa6 12. axb4 Qxa1 13. Qd6 Qxb2
14. Be3 Kd8 15. Bf3 Re8 16. b5 Qxe2 17. bxc6 Rc7 1-0

[Event "POHÁR města Říčany 2021"]
[Site "Městské kulturní středisko U labutě"]
[Date "2021.08.22"]
[Round "2.35"]
[White "Nentvich, Libor"]
[Black "Chon, Jeremy"]
[Result "1-0"]
[WhiteElo "1771"]
[BlackElo "1454"]
[PlyCount "0"]
[EventDate "2021.08.21"]

1. e4 c5 2. Nf3 g6 3. d4 cxd4 4. Nxd4 Bg7 5. c4 Nc6 6. Be3 Nf6 7. Nc3 O-O
8. Be2 d6 9. h3 Bd7 10. O-O a6 11. Rc1 Qa5 12. Qd2 Rfc8 13. Rfd1 Nxd4 14. Bxd4
b5 15. Bxf6 Bxf6 16. Nd5 Qxd2 17. Nxf6+ exf6 18. Rxd2 Be6 19. b3 bxc4 20. Bxc4
Bxc4 21. Rxc4 Rxc4 22. bxc4 Rc8 23. Rxd6 Rxc4 24. Rxf6 Ra4 25. Kh2 Rxa2 26. Kg3
Kf8 27. Kg4 Ke7 28. e5 Ra5 29. f4 Ra2 30. g3 Ra3 31. Rb6 a5 32. Ra6 a4 33. Kh4
Ra1 34. g4 Ra3 35. f5 Re3 36. Ra7+ Ke8 37. Ra5 a3 38. Kg5 Rxh3 39. Kf6 gxf5
40. Ra8+ Kd7 41. gxf5 Re3 42. Ra7+ Ke8 43. Re7+ Kd8 44. Rxf7 a2 45. Ra7 Re2
46. e6 h5 47. Kf7 h4 48. Rxa2 Rxa2 49. e7+ Kc7 50. e8=Q Ra7 51. Qe3 Kb8+ 52. Kg6
Ra6+ 53. f6 1-0

[Event "POHÁR města Říčany 2021"]
[Site "Městské kulturní středisko U labutě"]
[Date "2021.08.22"]
[Round "3.1"]
[White "Hajiyev, Kanan"]
[Black "Hollan, Petr"]
[Result "1-0"]
[WhiteElo "2124"]
[BlackElo "2318"]
[PlyCount "0"]
[EventDate "2021.08.21"]

1. d4 Nf6 2. Nf3 e6 3. c4 d5 4. cxd5 exd5 5. Nc3 h6 6. Bf4 Bd6 7. Bxd6 Qxd6
8. e3 O-O 9. Bd3 c6 10. Qc2 Nbd7 11. O-O Re8 12. Rab1 b5 13. Rfc1 Nb6 14. a4 a6
15. Ra1 Bb7 16. b3 Nbd7 17. Ne2 Rac8 18. Qb2 Ne4 19. Ng3 b4 20. a5 g6 21. Bxe4
dxe4 22. Nd2 c5 23. Nc4 Qf6 24. Ne2 Bd5 25. Qd2 Red8 26. Qe1 g5 27. h3 Rc7
28. Ra2 cxd4 29. exd4 Rb8 30. Rac2 Nf8 31. Nb6 Rxc2 32. Rxc2 Bxb3 33. Rb2 Be6
34. Rxb4 Qe7 35. Ng3 f5 36. Nd5 Qd6 37. Rxb8 Qxb8 38. Ne7+ Kh7 39. Nexf5 Bxf5
40. Nxf5 Qf4 41. g4 Ne6 42. Qf1 h5 43. Qxa6 hxg4 44. Qxe6 Qc1+ 45. Kg2 gxh3+
46. Kxh3 Qh1+ 47. Kg4 Qh4+ 48. Nxh4 1-0

[Event "POHÁR města Říčany 2021"]
[Site "Městské kulturní středisko U labutě"]
[Date "2021.08.22"]
[Round "3.2"]
[White "Vojta, Tomas"]
[Black "Novotny, Martin"]
[Result "1/2-1/2"]
[WhiteElo "2312"]
[BlackElo "2097"]
[PlyCount "0"]
[EventDate "2021.08.21"]

1. e4 c5 2. f4 d5 3. exd5 Nf6 4. Bb5+ Nbd7 5. c4 g6 6. Nc3 Bg7 7. Nf3 O-O
8. O-O a6 9. Bxd7 Bxd7 10. Kh1 e6 11. dxe6 Bxe6 12. d3 Qc7 13. Ng5 Bf5 14. Nge4
Rad8 15. Qc2 Rfe8 16. Nxf6+ Bxf6 17. Nd5 Qd6 18. Bd2 Bd4 19. Ba5 Rc8 20. Bc3 Bd7
21. Bxd4 cxd4 22. Qf2 Bc6 23. Qxd4 Bxd5 24. cxd5 Rcd8 25. Rad1 Qxd5 26. Qxd5
Rxd5 27. Rd2 Red8 28. Rfd1 Rf8 29. Kg1 Kg7 30. Kf2 Kf6 31. Re1 Rc8 32. g3 h5
33. Re4 h4 34. Re1 hxg3+ 35. hxg3 1/2-1/2

[Event "POHÁR města Říčany 2021"]
[Site "Městské kulturní středisko U labutě"]
[Date "2021.08.22"]
[Round "3.3"]
[White "Stanek, Ondrej"]
[Black "Petr, Jakub"]
[Result "1/2-1/2"]
[WhiteElo "2072"]
[BlackElo "2236"]
[PlyCount "0"]
[EventDate "2021.08.21"]

1. e4 c5 2. Nf3 Nc6 3. Bb5 g6 4. Bxc6 bxc6 5. O-O Bg7 6. Re1 Nh6 7. c3 O-O
8. d4 cxd4 9. cxd4 Qc7 10. Nc3 d6 11. h3 Bb7 12. Bf4 c5 13. Qd2 cxd4 14. Nd5
Bxd5 15. exd5 Nf5 16. g4 Qc5 17. gxf5 Qxd5 18. Qd3 e5 19. Bg5 Rfe8 20. Nd2 gxf5
21. Qxf5 Re6 22. Ne4 Rg6 23. Kh2 Kh8 24. Rac1 Rf8 25. b3 Qe6 26. Qxe6 fxe6
27. Rc4 d5 28. Nd6 Kg8 29. Nf5 e4 30. Rxe4 1/2-1/2

[Event "POHÁR města Říčany 2021"]
[Site "Městské kulturní středisko U labutě"]
[Date "2021.08.22"]
[Round "3.4"]
[White "Vitak, Jiri"]
[Black "Jun, Rudolf"]
[Result "1/2-1/2"]
[WhiteElo "2221"]
[BlackElo "2090"]
[PlyCount "0"]
[EventDate "2021.08.21"]

1. d4 Nf6 2. c4 g6 3. Nc3 Bg7 4. e4 d6 5. f3 O-O 6. Be3 e5 7. Nge2 Nbd7 8. Qd2
a6 9. d5 Nh5 10. g4 Nf4 11. Nxf4 exf4 12. Bxf4 Ne5 13. Be2 b5 14. h4 bxc4 15. h5
Rb8 16. O-O-O Bd7 17. Rh2 Rb7 18. Rdh1 f6 19. hxg6 hxg6 20. Bh6 Qe7 21. Bxg7
Qxg7 22. Rh8+ Qxh8 23. Rxh8+ Kxh8 24. Qh6+ Kg8 25. f4 Nd3+ 26. Bxd3 cxd3
27. Qxg6+ Kh8 28. Qh6+ Kg8 29. Qg6+ Kh8 30. Qh6+ 1/2-1/2

[Event "POHÁR města Říčany 2021"]
[Site "Městské kulturní středisko U labutě"]
[Date "2021.08.22"]
[Round "3.5"]
[White "Aubrecht, Petr"]
[Black "Svatos, Jan"]
[Result "0-1"]
[WhiteElo "2016"]
[BlackElo "2198"]
[PlyCount "0"]
[EventDate "2021.08.21"]

1. b3 e5 2. Bb2 Nc6 3. e3 Nf6 4. Nf3 e4 5. Nd4 Nxd4 6. Bxd4 Be7 7. d3 O-O
8. dxe4 Nxe4 9. Bd3 d5 10. O-O Bf5 11. Nd2 Bd6 12. f4 Re8 13. Nf3 Bf8 14. c4
dxc4 15. Bxc4 Nd6 16. Bd3 Bxd3 17. Qxd3 Ne4 18. Ne5 Qd5 19. Rad1 f6 20. Ng4 c5
21. Bb2 Qxd3 22. Rxd3 Rad8 23. Rfd1 Rxd3 24. Rxd3 Kf7 25. Nf2 Nd6 26. Ba3 b6
27. Kf1 Re6 28. Ke2 a5 29. Kf3 Nb5 30. Bb2 Rc6 31. a4 Nd6 32. Rc3 Be7 33. e4 b5
34. e5 b4 35. Rc1 Nc8 36. Ne4 fxe5 37. fxe5 Nb6 38. Bd4 Nd7 39. Bb2 Ke6 40. Kf4
Rc8 41. Ng5+ Bxg5+ 42. Kxg5 Rf8 43. Rc2 Rf7 44. Kh4 Nxe5 45. g4 Ng6+ 46. Kg3
{necitelne} 0-1

[Event "POHÁR města Říčany 2021"]
[Site "Městské kulturní středisko U labutě"]
[Date "2021.08.22"]
[Round "3.6"]
[White "Strnad, Michael"]
[Black "Skypala, Ondrej"]
[Result "0-1"]
[WhiteElo "1868"]
[BlackElo "2158"]
[PlyCount "0"]
[EventDate "2021.08.21"]

1. e4 e6 2. Nf3 d5 3. e5 c5 4. b4 cxb4 5. a3 bxa3 6. d4 a6 7. Bd3 Nc6 8. c3 b5
9. O-O Bd7 10. Rxa3 Bxa3 11. Bg5 g6 12. h4 0-1

[Event "POHÁR města Říčany 2021"]
[Site "Městské kulturní středisko U labutě"]
[Date "2021.08.22"]
[Round "3.8"]
[White "Hrdina, Robin"]
[Black "Pressler, Tobias"]
[Result "1-0"]
[WhiteElo "2192"]
[BlackElo "1772"]
[PlyCount "0"]
[EventDate "2021.08.21"]

1. e4 e6 2. d3 d5 3. Nd2 Nc6 4. Ngf3 Be7 5. g3 dxe4 6. dxe4 e5 7. Bg2 Be6
8. O-O Nf6 9. c3 O-O 10. Qe2 Qd7 11. Nc4 Bxc4 12. Qxc4 Rad8 13. Bg5 h6 14. Bxf6
Bxf6 15. Qa4 Qe7 16. Rfd1 Rxd1+ 17. Rxd1 Rd8 18. Rd5 a6 19. Qd1 Rxd5 20. exd5
Qd8 21. Nd2 Ne7 22. Ne4 Nf5 23. Qb3 b6 24. Qc4 Nd6 25. Nxd6 Qxd6 26. Qxa6 Bg5
27. h4 Bc1 28. Qc8+ Kh7 29. Qf5+ Kg8 30. Qc2 1-0

[Event "POHÁR města Říčany 2021"]
[Site "Městské kulturní středisko U labutě"]
[Date "2021.08.22"]
[Round "3.9"]
[White "Ocelak, Jakub"]
[Black "Konvalinka, Vladislav"]
[Result "1-0"]
[WhiteElo "2102"]
[BlackElo "1718"]
[PlyCount "0"]
[EventDate "2021.08.21"]

1. b3 Nf6 2. Bb2 g6 3. g3 Bg7 4. Bg2 d5 5. Nf3 c6 6. O-O O-O 7. c4 e6 8. d4
Nbd7 9. Nc3 b6 10. Nd2 Bb7 11. e4 dxe4 12. Ndxe4 Nxe4 13. Bxe4 Qf6 14. Qc2 Qe7
15. Rad1 Nf6 16. Bg2 Rfd8 17. Rfe1 Qc7 18. Bc1 Rd7 19. Bf4 Qd8 20. Be4 Ng4 1-0

[Event "POHÁR města Říčany 2021"]
[Site "Městské kulturní středisko U labutě"]
[Date "2021.08.22"]
[Round "3.11"]
[White "Vojta, Jakub"]
[Black "Koper, Stefan"]
[Result "1-0"]
[WhiteElo "2150"]
[BlackElo "1827"]
[PlyCount "0"]
[EventDate "2021.08.21"]

1. Nf3 c5 2. e4 e6 3. d4 cxd4 4. Nxd4 Nc6 5. Nc3 Bb4 6. Nxc6 bxc6 7. Qd4 Bxc3+
8. Qxc3 Qf6 9. e5 Qd8 10. Be3 Ne7 11. Bc5 O-O 12. O-O-O Re8 13. Qd2 Nd5 14. c4
Nb6 15. h4 a5 16. Rh3 a4 17. Qd4 Rb8 18. Rg3 Ba6 19. Bd3 Kh8 20. h5 d5 21. exd6
e5 22. Qe4 g6 23. hxg6 fxg6 24. Rh1 Rb7 25. Qxg6 e4 26. Bd4+ 1-0

[Event "POHÁR města Říčany 2021"]
[Site "Městské kulturní středisko U labutě"]
[Date "2021.08.22"]
[Round "3.12"]
[White "Kubice, Jakub"]
[Black "Chval, Zdenek"]
[Result "0-1"]
[WhiteElo "1776"]
[BlackElo "2147"]
[PlyCount "0"]
[EventDate "2021.08.21"]

1. d4 Nf6 2. Nf3 g6 3. g3 Bg7 4. Bg2 O-O 5. O-O d6 6. b3 Nbd7 7. Bb2 Re8
8. Nbd2 c6 9. e4 Qc7 10. Qe2 e5 11. dxe5 Nxe5 12. Nxe5 dxe5 13. Rad1 a5 14. a4
b5 15. axb5 cxb5 16. c4 b4 17. Nf3 Nd7 18. Qc2 Nc5 19. Ne1 Bb7 20. f3 a4
21. bxa4 Nxa4 22. Nd3 Bf8 23. Ra1 Nxb2 24. Qxb2 Qxc4 25. Rxa8 Bxa8 26. Rd1 Bc6
27. Bf1 f6 28. Kg2 Qd4 29. Qb3+ Kg7 30. Nf4 Qc3 31. Ne6+ Rxe6 32. Qxe6 Qc2+
33. Kh3 Qxd1 34. Bc4 Ba4 0-1

[Event "POHÁR města Říčany 2021"]
[Site "Městské kulturní středisko U labutě"]
[Date "2021.08.22"]
[Round "3.13"]
[White "Placer, Sebastian"]
[Black "Le, Anh Dung"]
[Result "1-0"]
[WhiteElo "2129"]
[BlackElo "1779"]
[PlyCount "0"]
[EventDate "2021.08.21"]

1. e4 c5 2. Nf3 e6 3. d4 cxd4 4. Nxd4 a6 5. Nc3 Qc7 6. Bd3 Nf6 7. O-O Nc6
8. Nxc6 dxc6 9. Qe2 e5 10. Be3 Ng4 11. Bg5 Bc5 12. h3 Nf6 13. Bc4 O-O 14. Kh1
Nd7 15. Qh5 Nb6 16. Bb3 Be6 17. Bxe6 fxe6 18. Nd1 Nc4 19. b3 Nd6 20. Qg4 Rae8
21. Qe2 h6 22. Bd2 Rf6 23. Nb2 Bd4 24. c3 Ba7 25. Nd3 Nf7 26. Rad1 Nh8 27. f4
exf4 28. Bxf4 e5 29. Bg3 Rfe6 30. Rf5 g6 31. Rff1 g5 32. Qg4 Ng6 33. Rf5 Kh7
34. Qh5 R8e7 35. Rxg5 Be3 36. Rf5 Bf4 37. Qf3 Bxg3 38. Qxg3 Rg7 39. Qf2 Qa5
40. c4 Qd8 41. Nb2 Qe7 42. g3 Qe8 43. Rd3 Ne7 44. Rf6 Rxf6 45. Qxf6 Qh5 46. g4
Rf7 47. Qxe7 1-0

[Event "POHÁR města Říčany 2021"]
[Site "Městské kulturní středisko U labutě"]
[Date "2021.08.22"]
[Round "3.14"]
[White "Pejrimovska, Viola Ruby"]
[Black "Elias, Jakub"]
[Result "0-1"]
[WhiteElo "1773"]
[BlackElo "1982"]
[PlyCount "0"]
[EventDate "2021.08.21"]

1. e4 c5 2. b4 cxb4 3. a3 d5 4. exd5 Qxd5 5. Nf3 e5 6. c4 Qe6 7. Bd3 Nc6 8. O-O
Nf6 9. Re1 Bd6 10. Bb2 bxa3 11. Nxa3 O-O 12. Nb5 Re8 13. Ng5 Qe7 14. Nxh7 Nxh7
15. Bxh7+ Kxh7 16. Qh5+ Kg8 17. Re4 g6 18. Qh6 Qf8 19. Qh4 Bf5 20. Re3 a6
21. Nxd6 Qxd6 22. g4 Qd8 23. Qh6 Bxg4 24. Re4 Bh5 25. Ra3 Nd4 26. Rxd4 exd4
27. Rg3 Qd6 28. f4 Re1+ 29. Kg2 Re2+ 30. Kh3 Qe6+ 0-1

[Event "POHÁR města Říčany 2021"]
[Site "Městské kulturní středisko U labutě"]
[Date "2021.08.22"]
[Round "3.15"]
[White "Rousek, Jan"]
[Black "Steiner, Juraj"]
[Result "1-0"]
[WhiteElo "1745"]
[BlackElo "1959"]
[PlyCount "0"]
[EventDate "2021.08.21"]

1. d4 d5 2. Nf3 e6 3. g3 c5 4. Bg2 Nc6 5. O-O Nf6 6. b3 cxd4 7. Nxd4 Bc5 8. Bb2
O-O 9. c4 Re8 10. cxd5 exd5 11. e3 Bg4 12. Nxc6 bxc6 13. Qc2 Bb6 14. Nd2 Qd6
15. e4 d4 16. Nc4 Qc5 17. e5 Nd5 18. Ba3 Nb4 19. Bxb4 Qxb4 20. Bxc6 d3 21. Qd2
Qxd2 22. Nxd2 Rac8 23. Bxe8 Rxe8 24. Nc4 Bd4 25. Rac1 h5 26. Kg2 Be2 27. Rfe1
Rc8 28. Rxe2 dxe2 29. Re1 f6 30. exf6 Rf8 31. Rxe2 Rxf6 32. f3 h4 33. Re4 Bc5
34. Rxh4 Kf7 35. Rf4 Rxf4 36. gxf4 Ke6 37. Kg3 Kd5 38. Kg4 Kd4 39. Kf5 Kc3
40. Kg6 Bd4 41. Ne5 1-0

[Event "POHÁR města Říčany 2021"]
[Site "Městské kulturní středisko U labutě"]
[Date "2021.08.22"]
[Round "3.16"]
[White "Petras, Milan"]
[Black "Nentvich, Libor"]
[Result "1-0"]
[WhiteElo "1938"]
[BlackElo "1771"]
[PlyCount "0"]
[EventDate "2021.08.21"]

1. b4 e5 2. Bb2 Bxb4 3. Bxe5 Nf6 4. Nf3 Nc6 5. Bb2 d5 6. e3 Bg4 7. h3 Bh5
8. Be2 Qe7 9. O-O O-O-O 10. c3 Bd6 11. a4 Bxf3 12. Bxf3 Qe5 13. g3 h5 14. Bg2 g5
15. Qc2 h4 16. c4 d4 17. Bxc6 hxg3 18. f4 gxf4 19. Bxd4 Qe6 20. Bg2 Rxh3
21. Bxf6 Rh2 22. Qe4 Qxf6 23. Qxb7+ Kd7 24. Nc3 Qh4 25. Qc6+ Ke7 26. Qe4+ Kf8
27. Rxf4 Bxf4 28. Qxf4 Rxg2+ 29. Kxg2 Rxd2+ 30. Kf3 Rf2+ 31. Ke4 Rxf4+ 32. exf4
g2 33. Ne2 Qf2 34. Kd3 Qf1 1-0

[Event "POHÁR města Říčany 2021"]
[Site "Městské kulturní středisko U labutě"]
[Date "2021.08.22"]
[Round "3.18"]
[White "Voracek, Zdenek"]
[Black "Feierfeil, Jiri"]
[Result "1-0"]
[WhiteElo "1935"]
[BlackElo "1623"]
[PlyCount "0"]
[EventDate "2021.08.21"]

1. d4 d5 2. c4 c6 3. Nf3 g6 4. e3 Bg7 5. b3 Nf6 6. Be2 O-O 7. O-O Bg4 8. Nc3 e6
9. h3 Bxf3 10. Bxf3 Nbd7 11. Bb2 Re8 12. cxd5 exd5 13. a4 Bf8 14. Ba3 Bxa3
15. Rxa3 a5 16. Qb1 Qe7 17. Ra2 Ra6 18. Rb2 Rb6 19. Qc2 Ra8 20. Na2 Ne4 21. Rfb1
Nd6 22. Nc1 Ne4 23. Nd3 Ra7 24. Rc1 f6 25. Bxe4 dxe4 26. Nc5 Nxc5 27. Qxc5 Qxc5
28. Rxc5 Kg7 29. Kh2 h5 30. Kg3 g5 31. h4 gxh4+ 32. Kxh4 Ra8 33. Rxh5 Rh8
34. Rxh8 Kxh8 35. Kg4 Kg7 36. Kf5 Kf7 37. Kxe4 Ke6 38. g4 Rb4 39. f4 c5 40. Rh2
cxd4 41. exd4 Rxb3 42. Rh5 b6 43. Rh6 Ke7 44. Kf5 Rd3 45. Rxf6 Rxd4 46. Re6+ Kf7
47. Rxb6 Rxa4 48. Rb7+ Kg8 49. Ra7 Ra1 50. Kg6 Kf8 51. f5 a4 52. f6 Ke8 53. f7+
1-0

[Event "POHÁR města Říčany 2021"]
[Site "Městské kulturní středisko U labutě"]
[Date "2021.08.22"]
[Round "3.19"]
[White "Novotny, David"]
[Black "Bezdek, Tomas"]
[Result "0-1"]
[WhiteElo "1923"]
[BlackElo "1644"]
[PlyCount "0"]
[EventDate "2021.08.21"]

1. e4 d6 2. d4 Nf6 3. Nc3 Nbd7 4. Nf3 e5 5. Bc4 Be7 6. O-O O-O 7. Re1 c6 8. a4
Qc7 9. h3 b6 10. b3 Bb7 11. Ba3 Rfe8 12. d5 a6 13. dxc6 Bxc6 14. Qd3 Bb7
15. Rad1 d5 16. Bxe7 dxc4 17. Qd6 Rac8 18. b4 Qxd6 19. Bxd6 Re6 20. b5 a5
21. Nh2 Nh5 22. Nf1 Nf4 23. g3 Nxh3+ 24. Kg2 Ng5 25. f4 exf4 26. Bxf4 Nxe4
27. Nxe4 Nc5 28. Kh2 Nxe4 29. Be3 g5 30. Bd4 f5 31. Kh1 Rh6+ 32. Kg1 f4 33. Be5
f3 34. Bd4 Rd8 35. c3 Rxd4 0-1

[Event "POHÁR města Říčany 2021"]
[Site "Městské kulturní středisko U labutě"]
[Date "2021.08.22"]
[Round "3.20"]
[White "Danhel, Lukas"]
[Black "Pejrimovsky, Tadeas Rubel"]
[Result "0-1"]
[WhiteElo "1902"]
[BlackElo "1532"]
[PlyCount "0"]
[EventDate "2021.08.21"]

1. e4 c5 2. Nf3 e6 3. d4 cxd4 4. Nxd4 Nf6 5. Nc3 d6 6. Be2 a6 7. a4 Be7 8. O-O
O-O 9. Be3 Qc7 10. f4 Nbd7 11. Nb3 b6 12. Bf3 Bb7 13. Qe2 Rfe8 14. Rfc1 Nc5
15. Bf2 Rad8 16. a5 b5 17. Nxc5 dxc5 18. g3 c4 19. Kg2 Bc5 20. e5 Bxf2 21. Qxf2
Bxf3+ 22. Qxf3 Rd2+ 23. Kh3 Nd5 24. Ne4 Rd4 25. Re1 Nb4 26. Qc3 Nc6 27. Nd6 Rb8
28. Re4 b4 29. Qf3 b3 30. Nxc4 bxc2 31. Qe2 Rxe4 32. Qxe4 Nb4 33. Rc1 h6 34. Nb6
Qe7 35. Qc4 Rd8 36. Qf1 Qc7 37. Nc4 Rd1 38. Rxd1 cxd1=Q 39. Qxd1 Qxc4 40. Qd8+
Kh7 41. Qe7 Kg6 42. Kh4 Qe2 43. f5+ exf5 44. Qd6+ Kh7 45. Kh3 Qxb2 46. e6 fxe6
47. Qxe6 Qf6 48. Qc6 Qd6 49. Qb7 Qc5 0-1

[Event "POHÁR města Říčany 2021"]
[Site "Městské kulturní středisko U labutě"]
[Date "2021.08.22"]
[Round "3.21"]
[White "Bartos, Vaclav"]
[Black "Jankovsky, Zbynek"]
[Result "0-1"]
[WhiteElo "1879"]
[BlackElo "1564"]
[PlyCount "0"]
[EventDate "2021.08.21"]

1. d4 e6 2. c4 b6 3. e4 Bb7 4. Nc3 Bb4 5. Bd3 f5 6. Qe2 Nf6 7. Bg5 fxe4 8. Bxe4
Bxe4 9. Bxf6 Qxf6 10. Qxe4 c6 11. Nf3 d5 12. Qe2 Nd7 13. O-O O-O 14. a3 Bxc3
15. bxc3 Rae8 16. Rfe1 Rf7 17. cxd5 cxd5 18. Qa6 Nb8 19. Qb5 Ref8 20. Re2 Qf5
21. Rae1 Rf6 22. c4 h6 23. Ne5 Qf4 24. Rd1 Qg5 25. cxd5 exd5 26. Qxd5+ Kh7
27. Qe4+ Kg8 28. d5 Rd8 29. h3 Rfd6 30. Nf3 Qh5 31. Qc4 Kh8 32. Re5 Qf7 33. Rde1
Nc6 34. Re6 Na5 35. Rxd6 Rxd6 36. Qc8+ Kh7 37. Re8 Rxd5 38. Rh8+ Kg6 39. Nh4+
Kg5 40. Rf8 Qd7 41. Qxd7 Rxd7 42. Rf5+ Kxh4 43. Kh2 g5 44. Rf6 Rh7 0-1

[Event "POHÁR města Říčany 2021"]
[Site "Městské kulturní středisko U labutě"]
[Date "2021.08.22"]
[Round "3.22"]
[White "Papousek, Michal"]
[Black "Vavrinec, Tomas"]
[Result "0-1"]
[WhiteElo "1689"]
[BlackElo "1875"]
[PlyCount "0"]
[EventDate "2021.08.21"]

1. d4 Nf6 2. c4 c5 3. d5 e6 4. Nc3 exd5 5. cxd5 d6 6. Nf3 g6 7. Nd2 Na6 8. Nc4
Nc7 9. a4 b6 10. e4 Ba6 11. Bg5 Bg7 12. e5 dxe5 13. d6 Ne6 14. d7+ Kf8 15. Qd6+
Kg8 16. Nd5 h6 17. Bxf6 Bxf6 18. Nxe5 Bb7 19. Bc4 Bxe5 20. Qxe5 Qg5 21. Nf6+ Kf8
22. Qd6+ Kg7 23. Nd5 Rad8 24. O-O Nd4 25. f4 Qf5 26. Qe5+ Qxe5 27. fxe5 Rxd7
28. Ne3 Re8 29. Ng4 Rde7 30. Rae1 Rd8 31. Nf6 Bc6 32. b3 Ne6 33. Rf2 Nf8
34. Rfe2 Ne6 35. Rf2 Rd4 36. Ref1 Ng5 37. Re1 Ne4 38. Nxe4 Bxe4 39. Ra2 Bd5
40. Bxd5 Rxd5 41. Kf2 g5 42. Re3 Kg6 43. Kf3 h5 44. h3 h4 45. Kg4 0-1

[Event "POHÁR města Říčany 2021"]
[Site "Městské kulturní středisko U labutě"]
[Date "2021.08.22"]
[Round "3.23"]
[White "Bruna, Matous"]
[Black "Pavlicek, Petr"]
[Result "0-1"]
[WhiteElo "1623"]
[BlackElo "1863"]
[PlyCount "0"]
[EventDate "2021.08.21"]

1. e4 c5 2. Nc3 d6 3. f4 Nc6 4. Nf3 g6 5. Bb5 Bg7 6. O-O e6 7. Bxc6+ bxc6 8. d3
Ne7 9. Na4 Qa5 10. c4 O-O 11. Rb1 Rd8 12. e5 Nf5 13. b3 Qc7 14. Re1 Nd4 15. Bb2
dxe5 16. fxe5 Nxf3+ 17. Qxf3 Bf8 18. Rbd1 Bd7 19. Qf2 Be8 20. Ba3 Rd4 21. Bxc5
Bxc5 22. Nxc5 Rad8 23. Re3 Qe7 24. Ne4 c5 25. Nf6+ Kg7 26. Rh3 h6 27. Qe3 g5
28. Qe2 Bc6 29. Qh5 Rh8 30. Re1 Qb7 31. Rhe3 Rf4 32. Ng4 Qe7 33. Nxh6 Qd8 34. g3
Qd4 0-1